National atlas of Bangladesh / (Record no. 81805)
[ view plain ]
| 000 -LEADER | |
|---|---|
| fixed length control field | 02086nam a2200421 a 4500 |
| 001 - CONTROL NUMBER | |
| control field | 81805 |
| 003 - CONTROL NUMBER IDENTIFIER | |
| rucl marc code | BD-RjUL |
| 005 - DATE AND TIME OF LATEST TRANSACTION | |
| control field | 20230918142115.0 |
| 008 - FIXED-LENGTH DATA ELEMENTS--GENERAL INFORMATION | |
| fixed length control field | 230829s2017 bg e 1 eng |
| 020 ## - INTERNATIONAL STANDARD BOOK NUMBER | |
| Canceled/invalid ISBN | 978984931 |
| 025 ## - OVERSEAS ACQUISITION NUMBER | |
| Overseas acquisition number | B-Map-2018320473 |
| 035 ## - SYSTEM CONTROL NUMBER | |
| System control number | (BD-RjUL)81805 |
| 040 ## - CATALOGING SOURCE | |
| Original cataloging agency | DLC |
| Language of cataloging | eng |
| Description conventions | rda |
| Transcribing agency | DLC |
| Modifying agency | DLC |
| -- | BD-RjUL |
| 041 ## - LANGUAGE CODE | |
| Language code of text/sound track or separate title | eng |
| 042 ## - AUTHENTICATION CODE | |
| Authentication code | lcode |
| 043 ## - GEOGRAPHIC AREA CODE | |
| Geographic area code | a-bg--- |
| 052 ## - GEOGRAPHIC CLASSIFICATION | |
| Geographic classification area code | 7646 |
| 082 ## - DEWEY DECIMAL CLASSIFICATION NUMBER | |
| Edition number | 23 |
| Classification number | 912 |
| Author mark and year | NAT 2017 |
| 110 2# - MAIN ENTRY--CORPORATE NAME | |
| Corporate name or jurisdiction name as entry element | Asiatic Society of Bangladesh, |
| Relator term | cartographer. |
| 9 (RLIN) | 5910 |
| 245 10 - TITLE STATEMENT | |
| Title | National atlas of Bangladesh / |
| Statement of responsibility, etc. | chief editor Nazrul Islam ; editor Nurul Islam Nazem. |
| 255 ## - CARTOGRAPHIC MATHEMATICAL DATA | |
| Statement of scale | Scales differ. |
| 264 #1 - PRODUCTION, PUBLICATION, DISTRIBUTION, MANUFACTURE, AND COPYRIGHT NOTICE | |
| Place of production, publication, distribution, manufacture | Dhaka : |
| Name of producer, publisher, distributor, manufacturer | Asiatic Society of Bangladesh, |
| Date of production, publication, distribution, manufacture, or copyright notice | 2017. |
| 300 ## - PHYSICAL DESCRIPTION | |
| Pagination | 1 atlas (xvi, 442 pages) : |
| Illustrations | color illustrations, color maps ; |
| Size | 36 cm |
| 336 ## - CONTENT TYPE | |
| Content type term | cartographic image |
| Content type code | cri |
| Source | rdacontent |
| 337 ## - MEDIA TYPE | |
| Media type term | unmediated |
| Media type code | n |
| Source | rdamedia |
| 338 ## - CARRIER TYPE | |
| Carrier type term | volume |
| Carrier type code | nc |
| Source | rdacarrier |
| 500 ## - GENERAL NOTE | |
| General note | "June 2017." |
| General note | Includes index. |
| 505 0# - FORMATTED CONTENTS NOTE | |
| Formatted contents note | From Vanga to Bangladesh : historical geography -- Political and administrative units -- Physical and environmental settings -- Environmental concerns : natural hazards and disasters -- Agriculture, livestock, poultry and fisheries -- Minerals, energy, industry and tourism -- Transport and communication -- Population -- Labour force and economic activity -- Urbanization -- Housing and utilities -- Human development : education, health, nutrition, GDP and poverty -- Culture and heritage -- Bangladesh in the international context -- Administrative units : divisions -- Administrative units : districts -- Administrative units: city corporations and paurashavas -- Capital planning and development : Dhaka Metropolitan Region (DMR). |
| 650 ## - SUBJECT ADDED ENTRY--TOPICAL TERM | |
| Topical term or geographic name as entry element | Atlases |
| 9 (RLIN) | 8667 |
| 651 #0 - SUBJECT ADDED ENTRY--GEOGRAPHIC NAME | |
| Geographic name | Bangladesh |
| Form subdivision | Maps. |
| 9 (RLIN) | 8668 |
| Geographic name | Bangladesh |
| General subdivision | Administrative and political divisions |
| Form subdivision | Maps. |
| 9 (RLIN) | 8669 |
| Geographic name | Bangladesh |
| General subdivision | Population |
| Form subdivision | Maps. |
| 9 (RLIN) | 8670 |
| 700 1# - ADDED ENTRY--PERSONAL NAME | |
| Personal name | Nazem, Nurul Islam, |
| Relator term | Chief editor. |
| Personal name | Islam, Nazrul |
| Relator term | editor. |
| 942 ## - ADDED ENTRY ELEMENTS (KOHA) | |
| Source of classification or shelving scheme | Dewey Decimal Classification |
| Koha item type | Reference |
| Lost status | Source of classification or shelving scheme | Damaged status | Not for loan | Collection code | Permanent Location | Current Location | Shelving location | Date acquired | Source of acquisition | Cost, normal purchase price | Full call number | Date last seen | Copy number | Koha item type |
|---|---|---|---|---|---|---|---|---|---|---|---|---|---|---|
| Dewey Decimal Classification | Not For Loan | Non-fiction | Central Library, University of Rajshahi | Central Library, University of Rajshahi | Reference | 19/06/2023 | Rajshahi : Biddasagar | 1600.00 | R 912 NAT 2017 | 29/08/2023 | C-1 | Books | ||
| Dewey Decimal Classification | Not For Loan | Non-fiction | Central Library, University of Rajshahi | Central Library, University of Rajshahi | Reference | 19/06/2023 | Rajshahi : Biddasagar | 1600.00 | R 912 NAT 2017 | 29/08/2023 | C-2 | Books |